00289nam a2200109 4500008004100000100001800041245004300059260000900102300001300111700002000124773003500144190819b ||||| |||| 00| 0 eng d aGoyal, Ashima aOverreaction in Indian monetary policy c2019 ap.12-14. aKumar, Abhishek a Economic and Political Weekly